000 00322nam a2200145 i 4500
001 bg
100 1 _aPAZDRO, Z.
245 0 _aHydrogeologia ogólna /
_cZ. Pazdro.
250 _aWyd.3 uzup.
260 _aWarszawa,
_c1983.
040 _cBPK
041 _apol
942 _cKS
008 s pl f |000 0 pol
999 _c22220
_d22220
856 _uhttp://koha.tu.koszalin.pl/cgi-bin/koha/opac-detail.pl?biblionumber=22220
_yKatalog online BPK